Movies Quiz

Random Movies or Star Wars Quiz

Star Wars Killers Quiz Stats

 Plays Quiz Updated Oct 19, 2017

Also try: Star Wars Stuff
Challenge
Share
Tweet
Embed
Score 0/15 Timer 03:00
6 Plays Today
Victim Killer % Correct
Darth MaulObi-Wan Kenobi
96.7%
The Emperor Darth Vader/Anakin Skywalker
96.3%
Obi-Wan KenobiDarth Vader
95.2%
Darth VaderPalpatine/Darth Sidious
93.4%
Count DookuDarth Vader/Anakin Skywalker
92.9%
Jabba The HuttLeia Organa
92.7%
Qui-Gon JinnDarth Maul
92%
General GrievousObi-Wan Kenobi
91.5%
Victim Killer % Correct
GreedoHan Solo
91.2%
Mace WinduPalpatine/Darth Sidious
89.5%
The RancorLuke Skywalker
84.3%
Jango FettMace Windu
79.1%
Owen and Beru LarsStormtroopers
75.2%
Nute GunrayAnakin Skywalker/Darth Vader
72.6%
Zam WesellJango Fett
55.5%

You're not logged in!

Compare scores with friends on all Sporcle quizzes.
Join for Free
OR
Log In

You Might Also Like...

Show Comments

Extras

Top Quizzes Today


Score Distribution

Your Account Isn't Verified!

In order to create a playlist on Sporcle, you need to verify the email address you used during registration. Go to your Sporcle Settings to finish the process.

Report this User

Report this user for behavior that violates our Community Guidelines.

Details: